Napoli : 11 du XXIème siècle - Statistiques

Statistiques générales
  • Ce quiz a été pris 229 fois
  • Le résultat moyen est 11 sur 16
Statistiques - réponses
Poste Nationalité Années au club Joueurs % Correct
Défenseur Central Sénégalais 2014-2022 Kalidou Koulibaly
92%
Second Attaquant Belge 2013-2022 Dries Mertens
90%
Milieu Central Slovaque 2007-2019 Marek Hamsik
88%
Remplaçant (Attaquant) Uruguayen 2010-2013 Edinson Cavani
84%
Ailier Gauche Italien 2009-2022 Lorenzo Insigne
81%
Remplaçant (Milieu) Camerounais 2021- André Frank Zambo Anguissa
78%
Buteur Argentin 2013-2016 Gonzalo Higuain
77%
Défenseur Droit Italien 2019- Giovanni Di Lorenzo
76%
Gardien Italien 2019- Alex Meret
75%
Milieu Central Polonais 2016-2024 Piotr Zielinski
73%
Remplaçant (Gardien) Colombien 2016-2019 David Ospina
69%
Défenseur Gauche Algérien 2014-2022 Faouzi Ghoulam
60%
Défenseur Central Espagnol 2013-2019 Raul Albiol
51%
Milieu Offensif Espagnol 2013-2020 José Callejon
44%
Entraîneur Italien 2021-2023 Luciano Spalletti
40%
Remplaçant (Défenseur) Italien 2006-2014 Paolo Cannavaro
18%
Aucun quiz correspondant
Distribution des résultats
% des personnes avec chaque résultat
Percentile par nombre de réponses
Votre historique - résultats
Vous n’avez pas pris ce quiz